000 00205 a2200097 4500
001 29327
100 _aBierman
245 _aManagerial cost accounting
260 _a
_bMacmillan
_c
090 _c19546
_d19546
942 _aNUST-CAE
_cM
_c10609
999 _c264400
_d264400